Shared Airports (U.S.) Quiz Stats

 Plays Quiz not verified by Sporcle

Challenge
Share
Tweet
NOTE: Populations are 2010 Census. Enplanements data is from 2012.
Score 0/6 Timer 04:00
0 Plays Today
Enplanements Airport % Correct
28,022,904Dallas/Fort Worth International
87%
15,943,878Minneapolis-St. Paul International
73.9%
11,186,444Baltimore/Washington International
62.5%
16,121,123Seattle/Tacoma International
60.2%
4,490,374Raleigh-Durham International
38.7%
11,445,103Fort Lauderdale/Hollywood International
13.5%

You're not logged in!

Compare scores with friends on all Sporcle quizzes.
Join for Free
OR
Log In

You Might Also Like...

Show Comments

Extras

Top Quizzes Today


Score Distribution

Your Account Isn't Verified!

In order to create a playlist on Sporcle, you need to verify the email address you used during registration. Go to your Sporcle Settings to finish the process.

Report this User

Report this user for behavior that violates our Community Guidelines.

Details: